000 nam a22 7a 4500
999 _c234540
_d234540
003 Nust
005 20170322124829.0
008 170322b xxu||||| |||| 00| 0 eng d
020 _a978-81-203-3592-9
040 _cASAB
082 _a631.30
245 _aTextbook of agricultural biotechnology
_cby Ahindra Nag
260 _aNew Delhi
_bPHI learning private limited
_c2008
300 _a258 P
942 _2ddc
_cBK